Fomento de la pequeña producción
Uloženo v:
| Korporativní autor: | |
|---|---|
| Médium: | Kniha |
| Jazyk: | španělština |
| Vydáno: |
Santiago
MIDEPLAN
1992
|
| Témata: | |
| Tagy: |
Přidat tag
Žádné tagy, Buďte první, kdo vytvoří štítek k tomuto záznamu!
|
MARC
| LEADER | 00000nam a2200000 a 4500 | ||
|---|---|---|---|
| 001 | UCX7484 | ||
| 003 | CL-VaPUC | ||
| 008 | 931213e19920000CL |||||||||||||||||spa|d | ||
| 082 | 0 | 4 | |a 338.0983 |b MIN |2 21 |
| 110 | 2 | |a Ministerio de Planificación y Cooperación |e author |9 324332 | |
| 245 | 1 | 0 | |a Fomento de la pequeña producción |
| 300 | |a 130 p | ||
| 942 | |c BK | ||
| 945 | |d 19931213 00:00:00 |a nfarias | ||
| 260 | |a Santiago |b MIDEPLAN |c 1992 | ||
| 650 | 7 | |a PEQUEÑA EMPRESA |2 CL-VaPUC |9 324333 | |
| 650 | 0 | |a Política gubernamental |9 262286 | |
| 651 | 7 | |a CHILE |2 CL-VaPUC |9 324334 | |
| 583 | |a last modification |c 19931213 00:00:00 |k Rodrigo Vera | ||
| 999 | |c 227292 |d 227290 | ||
| 952 | |0 0 |1 0 |4 0 |6 338_098300000000000_MIN_1992 |7 0 |8 A |9 226203 |a BIBENE |b BIBENE |d 2019-11-15 |i 2949091 |o 338.0983 MIN 1992 |p 2949091 |r 2025-01-15 |w 2019-11-15 |y BK |k ICO | ||